[Event "Principal 2019/2020"]
[Site "Vitrolles"]
[Date "2019.10.05"]
[Round "1"]
[White "Rasolo, Loick"]
[Black "Derige Kane, Yan"]
[Result "1-0"]
[WhiteElo "1923"]
[BlackElo "2189"]
[PlyCount "115"]

1. c4 e6 2. Nc3 d5 3. d4 Nf6 4. cxd5 exd5 5. Nf3 Nbd7 6. Bf4 c6 7. a3 a5 8. e3
Be7 9. Bd3 Nf8 10. O-O Ng6 11. Bg3 O-O 12. h3 Re8 13. Qc2 Bd6 14. Bxd6 Qxd6 15.
Rfe1 Bd7 16. Na4 Ne4 17. Nc5 Nxc5 18. Qxc5 Qf6 19. Bxg6 Qxg6 20. Kh2 Bxh3 21.
gxh3 Qf5 22. Nh4 Qxf2+ 23. Ng2 Re6 24. Rf1 Qxb2 25. Rab1 Qe2 26. Rbe1 Qa2 {(=)}
27. Ra1 Qe2 28. Rae1 Qa2 29. Rc1 Qe2 30. Qc2 Qxc2 31. Rxc2 g5 32. Rb1 b5 33.
Rb3 f5 34. Rf2 Rf8 35. Rb1 Kg7 36. Rc1 h5 37. h4 b4 38. axb4 axb4 39. hxg5 Re4
40. Rxc6 Rb8 41. Rb2 Rb5 42. Rb3 Rg4 43. Rc2 Kg6 44. Rcb2 Kxg5 45. Rxb4 Ra5 46.
Rb8 h4 47. Rg8+ Kh5 48. Rh8+ Kg5 49. Rf2 Ra6 50. Rg8+ Rg6 51. Rxg6+ Kxg6 52.
Nf4+ Kf6 53. Nxd5+ Ke6 54. Nf4+ Kf6 55. Rg2 Kg5 56. d5 Kf6 57. Rxg4 fxg4 58. e4
1-0

[Event "Principal 2019/2020"]
[Site "Vitrolles"]
[Date "2019.10.05"]
[Round "1"]
[White "Baroyan, Davit"]
[Black "Avanesyan, Davit"]
[Result "1/2-1/2"]
[WhiteElo "2108"]
[BlackElo "2012"]
[PlyCount "73"]

1. d4 Nf6 2. Nf3 g6 3. c4 Bg7 4. Nc3 d6 5. Bg5 O-O 6. e3 b6 7. Be2 Bb7 8. O-O
Nbd7 9. Nd2 h6 10. Bh4 g5 11. Bg3 e5 12. d5 Nh7 13. e4 f5 14. exf5 Rxf5 15. Bg4
Rf8 16. Be6+ Kh8 17. Qh5 Nc5 18. Bh3 Bc8 19. Bxc8 Qxc8 20. Nde4 Nxe4 21. Nxe4
Nf6 22. Qg6 Nxe4 23. Qxe4 Qf5 24. Rfe1 Qxe4 25. Rxe4 Rf5 26. a4 a5 27. Rae1
Raf8 28. f3 h5 29. h4 Bh6 30. hxg5 Bxg5 31. Bh4 Bd2 32. R1e2 Bb4 33. Be1 Bc5+
34. Bf2 Bb4 35. Be1 Bc5+ 36. Bf2 Bb4 37. Be1 1/2-1/2

[Event "Principal 2019/2020"]
[Site "Vitrolles"]
[Date "2019.10.05"]
[Round "1"]
[White "Urcun, Gael"]
[Black "Hamm, Fabien"]
[Result "0-1"]
[WhiteElo "1760"]
[BlackElo "2009"]
[PlyCount "52"]

1. e4 c5 2. Nc3 Nc6 3. g3 g6 4. Bg2 Bg7 5. d3 d6 6. Be3 e5 7. Qd2 Nge7 8. Bh6
O-O 9. h4 Bxh6 10. Qxh6 f6 11. Qd2 Nd4 12. O-O-O Be6 13. Kb1 Kh8 14. f4 Qa5 15.
h5 gxh5 16. f5 Bf7 17. Qh6 Ng8 18. Qe3 Rac8 19. Nd5 Rc6 20. c4 Ra6 21. a3 b5
22. cxb5 Nxb5 23. Qc1 Rb8 24. Ka2 Nd4 25. Qd2 Qa4 26. Rb1 Qb3+ 0-1

[Event "Principal 2019/2020"]
[Site "Vitrolles"]
[Date "2019.10.05"]
[Round "1"]
[White "Madranges, Jean"]
[Black "Dijon, Frederic"]
[Result "1/2-1/2"]
[WhiteElo "1772"]
[BlackElo "1920"]
[PlyCount "40"]

1. b3 a5 2. Bb2 a4 3. c4 e6 4. bxa4 Nf6 5. g3 c6 6. Bg2 d5 7. cxd5 cxd5 8. Nc3
Bc5 9. e3 O-O 10. Nf3 Bd7 11. O-O Nc6 12. Nb5 Be7 13. Ne5 Nxe5 14. Bxe5 Qa5 15.
Qb1 Qxa4 16. Nc3 Qa6 17. Rc1 Rfc8 18. Bf1 Qa7 19. Qb3 Bc6 20. Bd4 Qa3 1/2-1/2

[Event "Principal 2019/2020"]
[Site "Vitrolles"]
[Date "2019.10.05"]
[Round "1"]
[White "Busson, Benoit"]
[Black "Anton, Jose"]
[Result "1/2-1/2"]
[WhiteElo "1882"]
[BlackElo "1822"]
[PlyCount "91"]

1. e4 c5 2. Nf3 Nc6 3. Nc3 d6 4. Bb5 Bd7 5. Bxc6 Bxc6 6. d4 cxd4 7. Qxd4 Nf6 8.
Bg5 Qa5 9. O-O-O h6 10. Bxf6 gxf6 11. Kb1 O-O-O 12. Qc4 e6 13. Nd4 Qc7 14. Nxc6
Qxc6 15. Qd4 Bg7 16. Rd3 Kb8 17. Qb4 Rd7 18. f3 Rc8 19. Rhd1 Bf8 20. Qd4 Be7
21. Qe3 b5 22. a3 a5 23. Qd2 Rdc7 24. Nxb5 Qxc2+ 25. Qxc2 Rxc2 26. Nxd6 Bxd6
27. Rb3+ Bb4 28. axb4 a4 29. Rbd3 Rxg2 {(=)} 30. R3d2 Rxd2 31. Rxd2 Rc4 32. b5
Kc7 33. Ka2 Rb4 34. Ka3 Rxb5 35. Kxa4 Rh5 36. b4 f5 37. b5 fxe4 38. fxe4 Rh4
39. Ka5 Rxe4 40. b6+ Kc8 41. Rc2+ Kb8 42. Ka6 Ra4+ 43. Kb5 Rd4 44. Rc7 f5 45.
Re7 Re4 46. Re8+ 1/2-1/2

[Event "Principal 2019/2020"]
[Site "Vitrolles"]
[Date "2019.11.09"]
[Round "2"]
[White "Avanesyan, Davit"]
[Black "Rasolo, Loick"]
[Result "1/2-1/2"]
[WhiteElo "1988"]
[BlackElo "1950"]
[PlyCount "98"]

1. e4 e6 2. d4 d5 3. exd5 exd5 4. Nf3 Nf6 5. Bd3 Bd6 6. Qe2+ Qe7 7. Qxe7+ Bxe7
8. O-O O-O 9. Bf4 Bd8 10. Re1 Nc6 11. c3 h6 12. h3 Be6 13. Nbd2 Rc8 14. Ne5
Nxe5 15. Bxe5 Nd7 16. Bg3 Bf6 17. Nf3 Rfe8 18. Ne5 Bxe5 19. Bxe5 Nxe5 20. Rxe5
c6 21. Rae1 Kf8 22. f4 Bd7 23. Kf2 f6 24. R5e3 Rxe3 25. Rxe3 Re8 26. Rg3 Re7
27. Bg6 Be8 28. Bf5 Bd7 29. Bxd7 Rxd7 30. f5 Re7 31. Re3 b6 32. b3 Kf7 33. Kf3
Rxe3+ 34. Kxe3 Ke7 35. Kf4 Kd6 36. b4 c5 37. b5 cxd4 38. cxd4 Kd7 39. Kg4 Ke7
40. Kh5 Kf7 41. h4 Kg8 42. g4 Kf7 43. g5 Kg8 44. gxh6 Kh7 45. hxg7 Kxg7 46.
Kg4 Kh6 47. a3 Kg7 48. Kf3 Kh6 49. Kg4 Kg7 1/2-1/2

[Event "Principal 2019/2020"]
[Site "Vitrolles"]
[Date "2019.11.09"]
[Round "2"]
[White "Hamm, Fabien"]
[Black "Derige Kane, Yan"]
[Result "0-1"]
[WhiteElo "2013"]
[BlackElo "2154"]
[PlyCount "76"]

1. e4 e6 2. d3 d5 3. Nd2 c5 4. Ngf3 Nc6 5. g3 Nf6 6. Bg2 Be7 7. O-O b5 8. a3
Bb7 9. Re1 a5 10. Qe2 O-O 11. h4 Qc7 12. e5 Nd7 13. Nf1 Rfc8 14. Bf4 b4 15. a4
Ba6 16. Qd2 c4 17. dxc4 dxc4 18. h5 c3 19. bxc3 bxc3 20. Qc1 Bb7 21. N1h2 Nb4
22. Ng4 Nc5 23. Bg5 Be4 24. h6 Bf5 25. Bxe7 Qxe7 26. Ne3 Bxc2 27. Nxc2 Nb3 28.
Qa3 Nxa1 29. Rxa1 Qc5 30. Nfd4 Rab8 31. Qc1 Qxe5 32. Nxb4 axb4 33. Nc6 Rxc6 34.
Bxc6 b3 35. Rb1 Qf5 36. Qe1 c2 37. Rb2 Qg5 38. f4 Qc5+ 0-1

[Event "Principal 2019/2020"]
[Site "Vitrolles"]
[Date "2019.11.02"]
[Round "2"]
[White "Anton, Jose"]
[Black "Madranges, Jean"]
[Result "1/2-1/2"]
[WhiteElo "1832"]
[BlackElo "1752"]
[PlyCount "58"]

1. e4 c5 2. d4 cxd4 3. c3 g6 4. Nf3 Bg7 5. cxd4 d5 6. exd5 Nf6 7. Bb5+ Nbd7 8.
Nc3 O-O 9. d6 exd6 10. O-O a6 11. Be2 b5 12. Bg5 Bb7 13. Rc1 Rc8 14. Qd2 Re8
15. a3 Qb6 16. h3 b4 17. axb4 Qxb4 18. Rfe1 Nb6 19. Bxf6 Bxf6 20. Ne4 Qxd2 21.
Nxf6+ Kh8 22. Nxd2 Rxc1 23. Rxc1 Rxe2 24. Rc7 Nd5 25. Rxb7 Nxf6 26. Nc4 Ne4 27.
Rxf7 Nd2 28. Nxd6 Re1+ 29. Kh2 Nf1+ 1/2-1/2

[Event "Principal 2019/2020"]
[Site "Vitrolles"]
[Date "2019.11.09"]
[Round "2"]
[White "Urcun, Gael"]
[Black "Busson, Benoit"]
[Result "1/2-1/2"]
[WhiteElo "1767"]
[BlackElo "1846"]
[PlyCount "116"]

1. e4 d5 2. exd5 Nf6 3. Bb5+ Nbd7 4. Nc3 a6 5. Be2 Nb6 6. d4 Nfxd5 7. Nxd5 Nxd5
8. c4 Nf6 9. Nf3 e6 10. O-O Be7 11. Re1 O-O 12. h3 c5 13. Be3 cxd4 14. Bxd4 Bb4
15. Rf1 Qe7 16. Qc2 Bc5 17. Bc3 Bb4 18. Bd4 Bc5 19. Bc3 Bd7 20. Ng5 g6 21. Rad1
Bc6 22. Bf3 Bxf3 23. Nxf3 Rfd8 24. a3 Rxd1 25. Rxd1 Rd8 26. b4 Rxd1+ 27. Qxd1
Bxf2+ 28. Kf1 Ne4 29. Bb2 f5 30. Qa4 Qd8 31. Ne5 b5 32. Qc2 bxc4 33. Nxc4 Qc7
34. Qd3 Ba7 35. Ne5 Qb6 36. Ke2 Qb5 37. Qxb5 axb5 38. Nc6 Bb6 39. Bd4 Bxd4 40.
Nxd4 Nd6 41. Nxe6 Kf7 42. Nc7 Ke7 43. Ke3 Kd7 44. Nd5 h6 45. Kd4 g5 46. Ke5 f4
47. h4 Nc4+ 48. Kf6 Kd6 49. Nc3 gxh4 50. Nxb5+ Kd5 51. Nc3+ Kd4 52. Nd1 Ne3 53.
Nf2 Nxg2 54. Kf5 h5 55. b5 Kc5 56. a4 h3 57. Nxh3 f3 58. Nf2 Ne3+ 1/2-1/2

[Event "Principal 2019/2020"]
[Site "Vitrolles"]
[Date "2019.11.30"]
[Round "3"]
[White "Baroyan, Davit"]
[Black "Anton, Jose"]
[Result "1-0"]
[WhiteElo "2062"]
[BlackElo "1832"]
[PlyCount "55"]

1. e4 c5 2. Nf3 Nc6 3. Bb5 d6 4. O-O Bd7 5. Re1 Nf6 6. c3 a6 7. Bc4 Bg4 8. d4
cxd4 9. cxd4 Bxf3 10. gxf3 Qb6 11. d5 Ne5 12. Be2 g6 13. f4 Ned7 14. Bf3 e5 15.
dxe6 fxe6 16. e5 dxe5 17. fxe5 Nh5 18. Bxh5 gxh5 19. Bg5 Rg8 20. Qxh5+ Rg6 21.
Nd2 Be7 22. h4 O-O-O 23. Qxh7 Rxg5+ 24. hxg5 Bxg5 25. Nc4 Qd4 26. Qe4 Qc5 27.
Nd6+ Kb8 28. Qxb7# 1-0

[Event "Principal 2019/2020"]
[Site "Vitrolles"]
[Date "2019.11.30"]
[Round "3"]
[White "Derige Kane, Yan"]
[Black "Avanesyan, Davit"]
[Result "1-0"]
[WhiteElo "2154"]
[BlackElo "1988"]
[PlyCount "59"]

1. d4 Nf6 2. Bg5 Ne4 3. h4 c5 4. d5 Nxg5 5. hxg5 Qb6 6. Nd2 g6 7. Ngf3 d6 8. e3
Qxb2 9. Rb1 Qc3 10. Rb3 Qa5 11. Qb1 Nd7 12. Qb2 f6 13. gxf6 Nxf6 14. Bb5+ Kf7
15. Ng5+ Kg8 16. Bd3 Bg7 17. Qb1 h6 18. Ngf3 Bf5 19. c4 Bxd3 20. Qxd3 g5 21.
Rxb7 Kf7 22. Qf5 Rab8 23. Qe6+ Kg6 24. Rxe7 Rb1+ 25. Ke2 Rxh1 26. Qf7+ Kf5 27.
e4+ Kg4 28. Qe6+ Kh5 29. g4+ Nxg4 30. Qf7# 1-0

[Event "Principal 2019/2020"]
[Site "Vitrolles"]
[Date "2019.11.30"]
[Round "3"]
[White "Busson, Benoit"]
[Black "Hamm, Fabien"]
[Result "0-1"]
[WhiteElo "1846"]
[BlackElo "2013"]
[PlyCount "104"]

1. e4 c5 2. Nf3 Nc6 3. Nc3 e6 4. d4 cxd4 5. Nxd4 a6 6. Be2 Qc7 7. a3 Nf6 8. Be3
Be7 9. O-O Ne5 10. Nb3 b5 11. f4 Nc4 12. Bxc4 bxc4 13. Nd2 Bb7 14. Qe2 Rc8 15.
Bd4 Qd6 16. Nf3 Qxf4 17. Ne5 Qh4 18. g3 Qh3 19. Nxf7 Rf8 20. Ng5 Qh6 21. Nf3
Qh5 22. Rae1 h6 23. Ne5 Qxe2 24. Rxe2 Bc5 25. Bxc5 Rxc5 26. Ng6 Rg8 27. e5 Nh7
28. Ne4 Bxe4 29. Rxe4 Kd8 30. Rff4 c3 31. b4 Rd5 32. Rc4 Ng5 33. Kg2 Rd2+ 34.
Rf2 d6 35. h4 Rxf2+ 36. Kxf2 d5 37. Rc6 Ne4+ 38. Kg2 Kd7 39. Rxa6 d4 40. Ra7+
Kc6 41. Nf4 Rf8 42. Nd3 Nd2 43. Ra6+ Kd5 44. Rd6+ Ke4 45. Rxe6 Nc4 46. a4 Ne3+
47. Kh2 Nxc2 48. Nc5+ Ke3 49. b5 d3 50. Nxd3 Kxd3 51. Rd6+ Nd4 52. e6 c2 0-1

[Event "Principal 2019/2020"]
[Site "Vitrolles"]
[Date "2019.11.30"]
[Round "3"]
[White "Madranges, Jean"]
[Black "Urcun, Gael"]
[Result "1-0"]
[WhiteElo "1752"]
[BlackElo "1767"]
[PlyCount "81"]

1. c4 Nf6 2. g3 e5 3. Bg2 Nc6 4. Nc3 Bc5 5. d3 O-O 6. Nf3 d6 7. O-O a6 8. Bg5
h6 9. Bxf6 Qxf6 10. Nd5 Qd8 11. a3 Nd4 12. Nxd4 Bxd4 13. e3 Ba7 14. b4 c6 15.
Nc3 f5 16. b5 axb5 17. cxb5 Bd7 18. Rb1 d5 19. Qb3 Be6 20. Na4 Qe7 21. Qc2 Rfc8
22. b6 Bb8 23. d4 Bd6 24. Nc5 Bxc5 25. dxc5 e4 26. Ra1 Ra5 27. Rfc1 Rca8 28.
Qc3 Ra4 29. f3 Rc4 30. Qe5 Rxc1+ 31. Rxc1 Rxa3 32. fxe4 dxe4 33. Rd1 Rd3 34.
Rxd3 exd3 35. Qd4 Qd7 36. Kf2 Kf7 37. Ke1 d2+ 38. Kxd2 Qxd4+ 39. exd4 Bd7 40.
d5 Ke7 41. dxc6 1-0

[Event "Principal 2019/2020"]
[Site "Vitrolles"]
[Date "2019.12.14"]
[Round "4"]
[White "Anton, Jose"]
[Black "Rasolo, Loick"]
[Result "1/2-1/2"]
[WhiteElo "1832"]
[BlackElo "1950"]
[PlyCount "110"]

1. e4 e5 2. d4 exd4 3. Qxd4 Nc6 4. Qe3 Nf6 5. Nc3 Bb4 6. Bd2 O-O 7. O-O-O Re8
8. Qg3 d6 9. f3 Be6 10. Nge2 Nh5 11. Qe1 Ne5 12. Nd4 Bc5 13. Nxe6 fxe6 14. Be2
Rf8 15. h4 Qe8 16. Rh3 Qg6 17. g4 Nf4 18. Rg3 Qf7 19. h5 a6 20. Bf1 {(=)} Qe7
21. Kb1 g5 22. hxg6 Nexg6 23. Be3 Bxe3 24. Qxe3 Rf7 25. Bc4 Raf8 26. Ne2 Nxe2
27. Bxe2 Rf4 28. Rh1 R8f7 29. Rgh3 Qf6 30. a3 b5 31. Qa7 Ne5 32. Qb8+ Rf8 33.
Qxc7 Rf7 34. Qb8+ Rf8 35. Qxd6 Nf7 36. Qxa6 Ng5 37. Rh6 Qf7 38. Qxb5 Qg7 39.
R6h5 e5 40. Qd5+ Kh8 41. Qd6 Rc8 42. Rd1 Nxf3 43. Bxf3 Rxf3 44. Qxe5 Qxe5 45.
Rxe5 Rf2 46. c3 Rb8 47. b4 Ra8 48. Rd7 Rh2 49. a4 Kg8 50. a5 Rf8 51. Rf5 Rc8
52. Rd3 Rc4 53. Re3 Rc8 54. e5 Rd8 55. Rg5+ Kh8 1/2-1/2

[Event "Principal 2019/2020"]
[Site "Vitrolles"]
[Date "2019.12.14"]
[Round "4"]
[White "Urcun, Gael"]
[Black "Baroyan, Davit"]
[Result "0-1"]
[WhiteElo "1767"]
[BlackElo "2062"]
[PlyCount "94"]

1. e4 c5 2. Nc3 Nc6 3. g3 g6 4. Bg2 Bg7 5. d3 d6 6. Be3 Nf6 7. h3 Rb8 8. Qd2
O-O 9. Bh6 b5 10. h4 Bxh6 11. Qxh6 b4 12. Nd5 Ng4 13. Qd2 e6 14. Ne3 Nxe3 15.
Qxe3 Qf6 16. O-O-O a5 17. f4 e5 18. f5 a4 19. Rf1 b3 20. cxb3 axb3 21. a3 c4
22. dxc4 Ba6 23. fxg6 Qxg6 24. Bh3 Nd4 25. h5 Qg7 26. h6 Qg6 27. Bf5 Nxf5 28.
exf5 Qf6 29. Rh4 Rfc8 30. Kb1 Bxc4 31. Rf2 Rc7 32. Ne2 Bxe2 33. Qxe2 Rbc8 34.
Qe3 Rc1+ 35. Qxc1 Rxc1+ 36. Kxc1 Qg5+ 37. Kd1 Qxg3 38. Rb4 Qd3+ 39. Ke1 Qb1+
40. Ke2 Qxb2+ 41. Kf1 Qb1+ 42. Ke2 Kf8 43. f6 Ke8 44. Kf3 Kd7 45. a4 e4+ 46.
Rxe4 b2 47. Rb4 Qd1+ 0-1

[Event "Principal 2019/2020"]
[Site "Vitrolles"]
[Date "2019.12.14"]
[Round "4"]
[White "Hamm, Fabien"]
[Black "Avanesyan, Davit"]
[Result "1-0"]
[WhiteElo "2013"]
[BlackElo "1988"]
[PlyCount "77"]

1. e4 c5 2. Nf3 Nc6 3. Bb5 g6 4. O-O Bg7 5. Re1 Nf6 6. c3 O-O 7. d4 cxd4 8.
cxd4 Qb6 9. Nc3 Ng4 10. Bxc6 dxc6 11. h3 Nf6 12. Qe2 Be6 13. Be3 Qb4 14. Rac1
Rfd8 15. Red1 a5 16. Bd2 Qc4 17. Qe3 a4 18. Be1 Qa6 19. Qg5 Qb6 20. Kh1 Kh8 21.
Rc2 Ng8 22. d5 cxd5 23. exd5 Bf5 24. Re2 Rac8 25. Qe3 Qa6 26. Ne5 Qf6 27. f4 h5
28. g4 Bd7 29. Ne4 Bb5 30. Nxf6 Nxf6 31. Nxf7+ Kg8 32. Nxd8 Rxd8 33. Qe6+ Kh7
34. Rc2 Bd7 35. Qb6 Rf8 36. Bc3 hxg4 37. hxg4 Nxg4 38. Bxg7 Kxg7 39. Qd4+ 1-0

[Event "Principal 2019/2020"]
[Site "Vitrolles"]
[Date "2019.12.14"]
[Round "4"]
[White "Busson, Benoit"]
[Black "Madranges, Jean"]
[Result "1-0"]
[WhiteElo "1846"]
[BlackElo "1752"]
[PlyCount "61"]

1. e4 c5 2. b4 cxb4 3. a3 d5 4. exd5 Qxd5 5. Nf3 e5 6. Bb2 Nc6 (6... Nf6 7. c4
Qe4+ 8. Be2 Bg4 9. O-O Bd6 10. d3 Qg6 11. Nh4 Bxe2 12. Qxe2) 7. c4 Qe4+ 8. Be2
Bg4 9. O-O Bd6 10. d3 Qg6 11. Nh4 Bxe2 12. Qxe2 Qf6 13. Nf3 Nge7 14. axb4 O-O
15. b5 Nd4 16. Nxd4 exd4 17. Nd2 Qh6 18. g3 f5 19. f4 Rfe8 20. Qf2 Bc5 21. Nb3
b6 22. Bxd4 Bxd4 23. Nxd4 Rad8 24. Nf3 Nc8 25. Ne5 Qd6 26. Rfd1 Rxe5 27. fxe5
Qxe5 28. d4 Qe4 29. c5 bxc5 30. dxc5 Re8 31. Re1 1-0

[Event "Principal 2019/2020"]
[Site "Vitrolles"]
[Date "2020.01.11"]
[Round "5"]
[White "Baroyan, Davit"]
[Black "Busson, Benoit"]
[Result "1-0"]
[WhiteElo "2178"]
[BlackElo "1849"]
[PlyCount "51"]

1. e4 Nc6 2. Nf3 d6 3. d4 Nf6 4. Nc3 g6 5. Be3 Bg7 6. Qd2 Ng4 7. Bg5 h6 8. Bh4
g5 9. Bg3 e5 10. d5 Ne7 11. h4 f5 12. hxg5 fxe4 13. Nxe4 Nf5 14. O-O-O Rf8 15.
Bh4 Qd7 16. gxh6 Bxh6 17. Bg5 Qg7 18. Bb5+ Bd7 19. Bxd7+ Kxd7 20. Bxh6 Nfxh6
21. Nfg5 Qg6 22. f3 Nf6 23. Nxf6+ Rxf6 24. Ne4 Rf4 25. g3 Rxf3 26. Qxh6 1-0

[Event "Principal 2019/2020"]
[Site "Vitrolles"]
[Date "2020.01.11"]
[Round "5"]
[White "Madranges, Jean"]
[Black "Hamm, Fabien"]
[Result "0-1"]
[WhiteElo "1747"]
[BlackElo "2022"]
[PlyCount "84"]

1. c4 e5 2. g3 Nc6 3. Nc3 f5 4. Nf3 Nf6 5. d4 e4 6. Ng5 Bb4 7. Bg2 O-O 8. O-O
h6 9. Nh3 d6 10. e3 Bxc3 11. bxc3 Qe8 12. Ba3 Na5 13. Qe2 Qa4 14. Bb4 Be6 15.
d5 Bf7 16. Bxa5 Qxa5 17. Rab1 Rab8 18. Qc2 c6 19. Rfd1 cxd5 20. Rb5 Qa6 21. Bf1
Qc6 22. Nf4 dxc4 23. Rxf5 d5 24. Ne2 g6 25. Nd4 Qd6 26. Nb5 Qb6 27. Rxf6 Qxf6
28. Nd4 Be6 29. Rb1 Rf7 30. Rb2 Rbf8 31. Nb5 b6 32. Nd6 Rd7 33. Nb5 h5 34. Nd4
h4 35. Bg2 Rh7 36. f4 exf3 37. Bxf3 hxg3 38. hxg3 Qg5 39. Qg2 Qxe3+ 40. Rf2
Qc1+ 41. Rf1 Qe3+ 42. Rf2 Bh3 0-1

[Event "Principal 2019/2020"]
[Site "Vitrolles"]
[Date "2020.01.11"]
[Round "5"]
[White "Derige Kane, Yan"]
[Black "Anton, Jose"]
[Result "1-0"]
[WhiteElo "2138"]
[BlackElo "1817"]
[PlyCount "117"]

1. d4 Nf6 2. c4 e5 3. dxe5 Ng4 4. Bf4 Bb4+ 5. Nd2 Nc6 6. Ngf3 Qe7 7. e3 Ngxe5
8. Be2 Nxf3+ 9. Bxf3 Ne5 10. Be2 O-O 11. O-O a5 12. a3 Bd6 13. Qc2 g5 14. Bg3
f5 15. c5 Bxc5 16. Bxe5 Qxe5 17. Qc4+ Kg7 18. Nf3 Qe7 19. Qc3+ Kh6 20. Rac1 Bd6
21. Nd4 c6 22. Qd3 Qf6 23. Nxf5+ Qxf5 24. Qxd6+ Rf6 25. Qg3 d5 26. f4 Rg6 27.
Rcd1 gxf4 28. Qh4+ Kg7 29. exf4 Qf6 30. Qh5 Bf5 31. Bf3 Rh6 32. Qg5+ Rg6 33.
Qxf6+ Rxf6 34. Rfe1 Kf7 35. g4 Bc2 36. Rd4 Re8 37. Rc1 Be4 38. Bxe4 Rxe4 39.
Rxe4 dxe4 40. f5 Rd6 41. Rc4 Rd1+ 42. Kf2 Rd2+ 43. Kg3 Rxb2 44. Rxe4 Rb3+ 45.
Kf4 Rxa3 46. Rd4 h6 47. Rd7+ Kf6 48. Rd6+ Kg7 49. Rg6+ Kf7 50. Rxh6 Kg7 51. Kg5
Rd3 52. f6+ Kg8 53. Kg6 Rd7 54. g5 a4 55. f7+ Rxf7 56. Rh8+ Kxh8 57. Kxf7 a3
58. g6 a2 59. g7+ 1-0

[Event "Principal 2019/2020"]
[Site "Vitrolles"]
[Date "2020.01.11"]
[Round "5"]
[White "Rasolo, Loick"]
[Black "Urcun, Gael"]
[Result "1-0"]
[WhiteElo "1941"]
[BlackElo "1762"]
[PlyCount "105"]

1. e4 c6 2. Nf3 d5 3. exd5 cxd5 4. Ne5 e6 5. Bb5+ Nd7 6. d4 a6 7. Bxd7+ Bxd7 8.
Qh5 g6 9. Qf3 f6 10. Nd3 b6 11. Nc3 Bg7 12. h4 Ne7 13. h5 Nf5 14. Ne2 Qc7 15.
h6 Bf8 16. g4 Nxd4 17. Nxd4 Be7 18. Nf4 Qe5+ 19. Nfe2 g5 20. Qe3 Qd6 21. c3 O-O
22. Qd3 Qc7 23. f4 Rae8 24. O-O e5 25. Nf5 Bc5+ 26. Be3 Bxe3+ 27. Nxe3 exf4 28.
Nf5 Qc5+ 29. Ned4 Bb5 30. Qf3 Bxf1 31. Rxf1 Re4 32. b4 Qc7 33. Rd1 Rfe8 34. Qd3
Qd7 35. Rf1 Re3 36. Nxe3 Rxe3 37. Qf5 Qe7 38. Qxd5+ Qf7 39. Qxf7+ Kxf7 40. Rf3
Re1+ 41. Kg2 Ra1 42. Rd3 Rxa2+ 43. Kf3 Rh2 44. Ke4 a5 45. bxa5 bxa5 46. Nf5
Re2+ 47. Kf3 Rc2 48. Rd7+ Kf8 49. Rxh7 Rxc3+ 50. Ke2 Rh3 51. Ra7 Kg8 52. Rxa5
Kh7 53. Ra7+ 1-0

[Event "Principal 2019/2020"]
[Site "Vitrolles"]
[Date "2020.01.25"]
[Round "6"]
[White "Madranges, Jean"]
[Black "Baroyan, Davit"]
[Result "0-1"]
[WhiteElo "1747"]
[BlackElo "2178"]
[PlyCount "48"]

1. c4 e6 2. g3 d5 3. Bg2 Nf6 4. Nf3 Be7 5. O-O O-O 6. b3 b6 7. Bb2 c5 8. e3 Nc6
9. cxd5 Nxd5 10. d4 Ba6 11. Re1 cxd4 12. exd4 Rc8 13. Na3 Bb4 14. Nc2 Bxe1 15.
Ncxe1 Qd7 16. Nd3 Ncb4 17. Nfe5 Qb5 18. a4 Qa5 19. Nxb4 Nxb4 20. Qg4 Rc2 21.
Ba3 Rfc8 22. Qh5 R2c7 23. Qh4 Nc2 24. Rc1 Nxa3 0-1

[Event "Principal 2019/2020"]
[Site "Vitrolles"]
[Date "2020.01.25"]
[Round "6"]
[White "Busson, Benoit"]
[Black "Rasolo, Loick"]
[Result "0-1"]
[WhiteElo "1849"]
[BlackElo "1941"]
[PlyCount "52"]

1. e4 e5 2. Nf3 Nc6 3. d4 exd4 4. c3 d5 5. Bd3 Nf6 6. e5 Ne4 7. cxd4 Bb4+ 8.
Kf1 Be7 9. Nc3 Nxc3 10. bxc3 O-O 11. h4 f6 12. exf6 Bxf6 13. Ng5 Bxg5 14. Bxh7+
Kxh7 15. hxg5+ Kg8 16. g6 Rf5 17. g4 Rg5 18. Bxg5 Qxg5 19. Qf3 Qxg6 20. Re1 Be6
21. Qg3 Rf8 22. Qxc7 Qd3+ 23. Kg1 Qd2 24. Rf1 Bxg4 25. Rh4 Be2 26. Qh2 Qg5+ 0-1

[Event "Principal 2019/2020"]
[Site "Vitrolles"]
[Date "2020.01.25"]
[Round "6"]
[White "Urcun, Gael"]
[Black "Derige Kane, Yan"]
[Result "0-1"]
[WhiteElo "1762"]
[BlackElo "2138"]
[PlyCount "86"]

1. e4 c5 2. Nc3 d6 3. g3 g6 4. Bg2 Bg7 5. d3 Nc6 6. Be3 Nf6 7. h3 O-O 8. Qd2
Rb8 9. f4 e5 10. Nge2 b5 11. O-O b4 12. Nd1 Be6 13. f5 gxf5 14. exf5 Bd5 15.
Bg5 Bxg2 16. Kxg2 Kh8 17. Nf2 Ne7 18. Ng4 Nxg4 19. hxg4 f6 20. Be3 Nd5 21. Bh6
Rb7 22. Rh1 Rg8 23. Rh4 Bxh6 24. Qxh6 Rg5 25. Rah1 Kg8 26. Ng1 Ne3+ 27. Kf3
Nxc2 28. Nh3 Rgg7 29. Kf2 Rbf7 30. Ng1 Nd4 31. Nf3 Nxf3 32. Kxf3 Qa8+ 33. Kf2
Qd5 34. Qd2 Qd4+ 35. Kg2 Rxg4 36. Qe2 Rfg7 37. Rxg4 Qxg4 38. Qxg4 Rxg4 39. Kf3
Rd4 40. Ke3 a5 41. b3 Kg7 42. Rh4 Rxh4 43. gxh4 d5 0-1

[Event "Principal 2019/2020"]
[Site "Vitrolles"]
[Date "2020.01.25"]
[Round "6"]
[White "Anton, Jose"]
[Black "Avanesyan, Davit"]
[Result "0-1"]
[WhiteElo "1817"]
[BlackElo "1967"]
[PlyCount "58"]

1. e4 c5 2. d4 cxd4 3. c3 dxc3 4. Nxc3 Nc6 5. Nf3 e6 6. Bc4 a6 7. O-O b5 8. Bb3
Bb7 9. Qe2 Be7 10. Rd1 Qc7 11. Nd5 exd5 12. exd5 O-O-O 13. dxc6 dxc6 14. Bxf7
Rxd1+ 15. Qxd1 Nf6 16. Be3 Rd8 17. Qc2 c5 18. Rc1 Kb8 19. h3 Be4 20. Qc3 Rd3
21. Qe1 Bxf3 22. gxf3 Bd6 23. Qe2 Rxe3 24. Qxe3 Qxf7 25. b4 Qg6+ 26. Kf1 Nd5
27. Qd2 Nf4 28. Qe3 Qd3+ 29. Qxd3 Nxd3 0-1

[Event "Principal 2019/2020"]
[Site "Vitrolles"]
[Date "2020.02.08"]
[Round "7"]
[White "Baroyan, Davit"]
[Black "Hamm, Fabien"]
[Result "1-0"]
[WhiteElo "2206"]
[BlackElo "2022"]
[PlyCount "49"]

1. e4 c5 2. Nf3 d6 3. Bb5+ Bd7 4. Bxd7+ Qxd7 5. c4 Nc6 6. d4 cxd4 7. Nxd4 e6 8.
Nc3 Nf6 9. O-O Be7 10. b3 O-O 11. Bb2 Rfd8 12. Kh1 d5 13. cxd5 exd5 14. Nxc6
Qxc6 15. e5 Ne4 16. Rc1 Qb6 17. Nxe4 dxe4 18. Qe2 h6 19. Qxe4 Rd2 20. Bc3 Rxa2
21. e6 Re8 22. exf7+ Kxf7 23. Qd5+ Kf8 24. Rfe1 Rxf2 25. Bd4 1-0

[Event "Principal 2019/2020"]
[Site "Vitrolles"]
[Date "2020.02.08"]
[Round "7"]
[White "Rasolo, Loick"]
[Black "Madranges, Jean"]
[Result "1-0"]
[WhiteElo "1951"]
[BlackElo "1727"]
[PlyCount "71"]

1. Nf3 c5 2. e4 g6 3. c3 Bg7 4. d4 cxd4 5. cxd4 d5 6. e5 Nc6 7. Nc3 Bg4 8. Bb5
e6 9. h3 Bxf3 10. Qxf3 Qb6 11. Be3 Nge7 12. Rb1 O-O 13. Bxc6 Nxc6 14. Ne2 f6
15. Qg4 Rae8 16. exf6 Bxf6 17. O-O Ne7 18. h4 Nf5 19. h5 Nxe3 20. fxe3 Re7 21.
hxg6 hxg6 22. Qxg6+ Rg7 23. Qd3 Qd6 24. Nf4 Rg5 25. Rf3 Rf7 26. Nh5 e5 27. Rc1
e4 28. Nxf6+ Rxf6 29. Rxf6 Qxf6 30. Rc8+ Kh7 31. Qc2 Rf5 32. Qc7+ Kh6 33. Qh2+
Rh5 34. Qf4+ Qxf4 35. exf4 e3 36. Re8 1-0

[Event "Principal 2019/2020"]
[Site "Vitrolles"]
[Date "2020.02.08"]
[Round "7"]
[White "Derige Kane, Yan"]
[Black "Busson, Benoit"]
[Result "1-0"]
[WhiteElo "2159"]
[BlackElo "1828"]
[PlyCount "49"]

1. d4 d5 2. c4 e6 3. Nc3 c5 4. e3 cxd4 5. exd4 Nf6 6. Nf3 Nc6 7. Be2 Bb4 8. O-O
O-O 9. Bg5 dxc4 10. Bxc4 h6 11. Bh4 g5 12. Bg3 g4 13. Ne5 Qxd4 14. Qe2 Bxc3 15.
bxc3 Qe4 16. Rad1 Na5 17. Qd2 Nxc4 18. Nxc4 Kh7 19. Ne5 b6 20. f3 Qa4 21. fxg4
Ne4 22. Qf4 Nxc3 23. Qxf7+ Rxf7 24. Rxf7+ Kg8 25. Rd8+ 1-0

[Event "Principal 2019/2020"]
[Site "Vitrolles"]
[Date "2020.02.08"]
[Round "7"]
[White "Avanesyan, Davit"]
[Black "Urcun, Gael"]
[Result "1-0"]
[WhiteElo "1982"]
[BlackElo "1762"]
[PlyCount "51"]

1. e4 c6 2. d4 d5 3. f3 e6 4. Nc3 Bb4 5. Nge2 dxe4 6. fxe4 Qh4+ 7. Ng3 Nf6 8.
Bd3 O-O 9. O-O Ng4 10. h3 Nf6 11. Bf4 Nbd7 12. e5 Bxc3 13. bxc3 Nd5 14. Qd2 h6
15. c4 Nxf4 16. Rxf4 Qe7 17. Rg4 f5 18. Qxh6 Nxe5 19. dxe5 Qc5+ 20. Kh1 Qxe5
21. Rf1 Bd7 22. Nh5 Rf7 23. Nf4 Qe3 24. Qh5 fxg4 25. Qh7+ Kf8 26. Ng6+ 1-0